|
|
|
|
| LEADER |
01053nam a2200337 4500 |
| 001 |
DLU170180926 |
| 005 |
##20170912 |
| 020 |
# |
# |
|a 9786045712320
|
| 040 |
# |
# |
|a DLU
|b vie
|
| 041 |
# |
# |
|a vie
|
| 044 |
# |
# |
|a vn
|
| 082 |
# |
# |
|a 700.959 7
|b Pha
|
| 245 |
# |
# |
|a Phấn đấu sáng tạo nhiều tác phẩm văn học nghệ thuật có giá trị tư tưởng nghệ thuật cao.
|
| 260 |
# |
# |
|a H. :
|b Chính trị Quốc gia - Sự thật,
|c 2014.
|
| 300 |
# |
# |
|a 680 tr. ;
|c 24 cm.
|
| 505 |
# |
# |
|a Phần thứ nhất. Những vấn đề lý luận chung -- Phần thứ hai. Văn học -- Phần thứ ba. Các loại hình nghệ thuật.
|
| 650 |
# |
# |
|a Văn học Việt Nam
|x Lịch sử và phê bình.
|
| 650 |
# |
# |
|a Nghệ thuật Việt Nam
|x Lịch sử và phê bình.
|
| 923 |
# |
# |
|a 05/2016
|
| 991 |
# |
# |
|a SH
|
| 992 |
# |
# |
|a 137000
|
| 993 |
# |
# |
|a 2014
|
| 994 |
# |
# |
|a DLU
|
| 998 |
# |
# |
|a KY
|
| 900 |
# |
# |
|a True
|
| 911 |
# |
# |
|a Nguyễn Thanh Hương
|
| 925 |
# |
# |
|a G
|
| 926 |
# |
# |
|a A
|
| 927 |
# |
# |
|a SH
|
| 980 |
# |
# |
|a Thư viện Trường Đại học Đà Lạt
|